| 000 | 00504nam a2200205Ia 4500 | ||
|---|---|---|---|
| 005 | 20240823040843.0 | ||
| 008 | 240823s9999||||xx |||||||||||||| ||und|| | ||
| 020 | _a81-89866-01 X | ||
| 041 | _aENGLISH | ||
| 082 | _A342.54 P6 | ||
| 100 | _aREddy G B | ||
| 245 | 0 | _aConstruction of India Professional Ethics | |
| 250 | _a1st | ||
| 260 |
_c2006 _bI.K International Publishing |
||
| 500 | _aYES | ||
| 650 |
_aConstruction _bGeneral |
||
| 700 | _a" Suhaib, Mohd" | ||
| 942 | _cBK | ||
| 999 |
_c204103 _d204103 |
||